[Event "Lisbon Portugal op"]
[Site "Lisbon"]
[Date "2018.02.04"]
[Round "3"]
[White "Arizmendi Martinez, Julen Luis"]
[Black "Neto, Horacio"]
[Result "1-0"]
[WhiteElo "2508"]
[BlackElo "2139"]
[PlyCount "69"]
[EventDate "2018.02.03"]
[EventType "swiss"]
[EventRounds "9"]
[EventCountry "POR"]
[SourceTitle "CBM 182 Extra"]
[Source "ChessBase"]
[SourceDate "2018.02.23"]
[SourceVersion "1"]
[SourceVersionDate "2018.02.23"]
[SourceQuality "1"]

1. e4 c5 2. Nf3 Nc6 3. Nc3 e5 4. Bc4 Be7 5. d3 Nf6 6. Nd2 d6 7. Nf1 Bg4 8. f3 Be6 9. Ne3 0-0 10. Ncd5 Rb8 11. a4 Nh5 12. Nxe7+ Nxe7 13. 0-0 d5 14. Bb3 Qd7 15. g3 Nf6 16. a5 Nc6 17. Ba4 b5 18. axb6 axb6 19. c4 dxc4 20. Bxc6 Qxc6 21. dxc4 Bh3 22. Re1 Rfd8 23. Qe2 Bc8 24. Bd2 Re8 25. Bc3 Nd7 26. Red1 Nf8 27. Qd2 f6 28. Qd6 Qxd6 29. Rxd6 Ne6 30. Nd5 b5 31. cxb5 Rxb5 32. Ra8 Kf7 33. Nb6 Ke7 34. Nxc8+ Rxc8 35. Rxe6+ 1-0

[Event "GER GM06-A email"]
[Site "GER email"]
[Date "2017.06.26"]
[Round "?"]
[White "Neto, Horacio"]
[Black "De Oliveira, Joao Carlos"]
[Result "1/2-1/2"]
[WhiteElo "2580"]
[BlackElo "2573"]
[PlyCount "83"]
[EventDate "2017.??.??"]
[EventType "tourn (corr)"]
[EventRounds "13"]
[EventCountry "GER"]
[SourceTitle "Corr 2020"]
[Source "ChessBase"]
[SourceDate "2019.09.30"]
[SourceVersion "1"]
[SourceVersionDate "2019.09.30"]
[SourceQuality "1"]

1. e4 c5 2. Nf3 e6 3. d4 cxd4 4. Nxd4 Nc6 5. Nc3 Qc7 6. Be3 a6 7. Qf3 Nf6 8. 0-0-0 Nxd4 9. Bxd4 e5 10. Be3 d6 11. h3 b5 12. a3 Be7 13. g4 Bb7 14. Bd3 Nd7 15. h4 Nc5 16. Kb1 0-0 17. g5 f5 18. gxf6 Rxf6 19. Qg2 Rb8 20. Rh3 Nxd3 21. Rxd3 Bf8 22. Rg3 Qf7 23. f3 h6 24. Bd2 Kh7 25. Nd5 Rg6 26. Rxg6 Qxg6 27. Qh1 Qh5 28. Bb4 Rd8 29. Nb6 Be7 30. Qh3 Qg6 31. Rd1 Bc6 32. b3 Qh5 33. Rd3 Qxh4 34. Qf5+ Kh8 35. Rc3 Rf8 36. Qe6 Bxe4 37. fxe4 Rf1+ 38. Ka2 Kh7 39. Rc8 Qh1 40. Qg8+ Kg6 41. Qe8+ Kh7 42. Qg8+ 1/2-1/2

[Event "GER GM06-A email"]
[Site "GER email"]
[Date "2017.06.26"]
[Round "?"]
[White "Neto, Horacio"]
[Black "Fleetwood, Daniel M"]
[Result "1/2-1/2"]
[WhiteElo "2580"]
[BlackElo "2571"]
[PlyCount "112"]
[EventDate "2017.??.??"]
[EventType "tourn (corr)"]
[EventRounds "13"]
[EventCountry "GER"]
[SourceTitle "Corr 2020"]
[Source "ChessBase"]
[SourceDate "2019.09.30"]
[SourceVersion "1"]
[SourceVersionDate "2019.09.30"]
[SourceQuality "1"]

1. Nf3 Nf6 2. c4 e6 3. Nc3 c5 4. g3 b6 5. Bg2 Bb7 6. 0-0 Be7 7. d4 cxd4 8. Qxd4 d6 9. Rd1 a6 10. e4 Nbd7 11. Qe3 Qc7 12. b3 0-0 13. Bb2 Rfe8 14. Nd4 Bf8 15. Rac1 Rad8 16. Qe2 Qb8 17. Re1 g6 18. Rcd1 Bg7 19. Nc2 Ba8 20. Qd2 Nc5 21. Ba1 h5 22. h3 Qc7 23. Re2 Bb7 24. Qf4 e5 25. Qe3 Kh7 26. Nb4 b5 27. cxb5 axb5 28. Rc2 h4 29. Kh2 Qa5 30. Ncd5 Rc8 31. Bc3 Qd8 32. Qe2 Bxd5 33. exd5 hxg3+ 34. fxg3 Nh5 35. Nc6 Qg5 36. Qg4 Qxg4 37. hxg4 Nf6 38. Bf3 Ra8 39. g5 Nfe4 40. Bxe4 Nxe4 41. Bd2 Bf8 42. Kg2 Be7 43. Nxe7 Rxe7 44. Kf3 Nxd2+ 45. Rdxd2 Rea7 46. Ke4 Kg7 47. Rc6 Rxa2 48. Rxa2 Rxa2 49. Rxd6 Re2+ 50. Kf3 Rb2 51. Rb6 Rxb3+ 52. Ke4 Rb1 53. Kxe5 b4 54. d6 b3 55. d7 Rd1 56. Rxb3 Rxd7 1/2-1/2